000 00352nam a2200157Ia 4500
003 IT-RoPAU
008 120407s9999 xx 000 0 und d
040 _aIT-RoPAU
040 _cIT-RoPAU
100 _aAntonino Cappiello
245 _aLa religiosità popolare in America Latina
260 _aD'Auria
300 _c cm
490 _v1
942 _cBK
999 _c2280
_d2280